Vivre au Moyen-âge XIVe / XVe siècle - Statistiques

Statistiques générales
  • Ce quiz a été pris 66 fois
  • Le résultat moyen est 19 sur 50
Statistiques - réponses
Question Réponse % Correct
Les Anglais remportent une victoire décisive à Crécy en 1346
100%
Pour qu'un Anglais ne monte pas sur le trône de France, les barons français invoquent la loi salique
75%
En 1380, Charles VII peut être sacré à Reims
75%
Dans les campagnes, les paysans affamés se révoltent au cours de jacqueries
70%
Deux factions s'opposent en France, les partisans du roi sont appelés les Armagnacs
65%
Les Anglais trouve un allié de choix, pourtant parent du roi de France, le duc de Bourgogne
65%
Quels sont les bases de l'alimentation dans les campagnes ? soupe et pain
65%
On considère que la dernière bataille de la Guerre de 100 ans est celle qui se déroule en 1453 à Castillon
60%
En 1360, Français et Anglais signent le traité de Brétigny
60%
Les ouvrages sont souvent ornés de dessins réalisés par des enlumineurs
60%
La Guerre de 100 ans a pour origine la mort de Charles IV de France
60%
Pour fermer les vêtements on on les lace
60%
Les nobles pratique la chasse à courre
55%
En 1337, Edouard III d'Angleterre réclame le trône de France alors que le roi de France vient de confisquer son duché de Guyenne
55%
Le chef de l'armée de Charles V est le connétable, son nom est célèbre... Il s'agit de Du Guesclin
55%
En 1356, le roi de France, Jean II, est fait prisonnier pendant la bataille de Poitiers
55%
Lors de la victoire anglaise de 1346, les chevaliers français sont décimés par les archers gallois
50%
On vient à Paris pour prier des reliques sacrées, la couronne d'épine et un morceau de la croix du Christ, elles sont conservées dans la Sainte Chapelle
45%
Quels travaux importants Charles V fait-il réaliser à Paris ? il fait construire une nouvelle enceinte
40%
Un oncle de Charles VI est plus intéressé par les arts que par la politique, il se nomme Jean de Berry
40%
Quelle discipline ne fait pas partie des arts libéraux enseignés à l'université ? l'algèbre
40%
Quelle discipline n'est pas enseignée à l'université de Paris ? les arts
40%
Quel instrument de musique n'est pas encore d'usage ? le violon
40%
Philippe le Hardi, duc de Bourgogne, fait construire près de Dijon la Chartreuse de Champmol pour en faire la nécropole des ducs de Bourgogne
40%
Sur les jambes, les hommes portent des chausses
35%
Quelle discipline ne fait pas partie des arts libéraux enseignés à l'université ? le dessin
35%
Les tournois au cours desquels les chevaliers aiment s'affronter sur déroulent sur une lice
35%
Le duché de Bourgogne cesse d'être indépendant en 1482
30%
Au XIVe siècle les peintres s'installent en Avignon. Combien vont s'y succéder ? 7
30%
A cette époque on boit le vin... coupé d'eau
30%
Mais Charles VI devient fou, il connait sa première crise en août 1392 près du Mans
30%
On aime orner les murs de tapisseries, une ville de France s'en fait une spécialité c'est... Arras
25%
Les Anglais battent une nouvelle fois les Français durement à Azincourt en 1415, mais dans quel département se trouve cette commune ? dans le Pas-de-Calais
25%
En 1429, celui qui n'est pas encore sacré, Charles VII, reçoit le soutien de Jeanne d'Arc qui est native de Domrémy dans l'actuel département de des Vosges
25%
En 1450, les Français reprennent la Normandie après la bataille de Formigny
25%
Quel est le rôle de l'échanson lors des banquets ? il est responsable des boissons
25%
Les historiens ont fixés la fin du Moyen-âge l'année de la prise de Constantinople par les Turcs
25%
Au XIVe et XVe siècle, la France connait une période très froide l'hiver et humide l'été
25%
Le livre est alors un objet précieux, un roi en particulier va commander de nombreux ouvrages. Il s'agit de Charles V
20%
De nos jours le site de la bataille remportée par les Anglais en 1346 se situe dans le département de la Somme
20%
Le manteau à col montant typique de l'époque est appelé houppelande
20%
Quel jeu n'existe pas encore dans les châteaux médiévaux ? le jeu de l'oie
20%
Charles VI succède à Charles V en 1380
15%
Le fabricant de tapisserie est appelé le le licier
15%
Le vêtement que les femmes passent au-dessus de leur chemise est appelée cotte
10%
Les logis, même royaux sont austères, qu'est ce qu'on n'y trouve pas ? des tables
10%
Quelle ville n'est pas un lieu de pèlerinage à cette époque ? Lisieux
10%
En 1348, la peste noire fait son apparition en France, elle va tuer... 1/10e de la population
0%
La mode à la cour exige de porter des couleurs pastel
0%
Que fait l'écuyer tranchant lors des banquets ? il veille au service des plats
0%
Aucun quiz correspondant
Distribution des résultats
% des personnes avec chaque résultat
Percentile par nombre de réponses
Votre historique - résultats
Vous n’avez pas pris ce quiz